000 00439nam a2200181 a 4500
001 000028320
003 DO-SdBNP
005 20220317114118.0
007 ta
008 110407s19uu dr 000 0 spa d
040 _aDO-SdBNP
_bspa
_cBNPHU
049 _aBNPD
245 0 0 _aLey de habeas corpus.
260 _aSanto Domingo, :
_b[s.n.],
_c[19--?].
300 _a12 p. ;
_c20 cm.
590 _aInventariado, 2022/BT
942 _2ddc
_cLBS1
999 _c27812
_d27812